[Event "FRA-chT Top 12 final (Women)"]
[Site "Cesson Sevigne"]
[Date "2021.08.28"]
[Round "1.2"]
[White "Fischer, Julie"]
[Black "Thomas, Apolline"]
[Result "1-0"]
[WhiteElo "2073"]
[BlackElo "1954"]
[PlyCount "91"]
[EventDate "2021.08.28"]
[EventType "team-k.o."]
[EventRounds "2"]
[EventCountry "FRA"]
[SourceTitle "CBM 204 Extra"]
[Source "ChessBase"]
[SourceDate "2021.11.30"]
[SourceVersion "1"]
[SourceVersionDate "2021.11.30"]
[SourceQuality "1"]
[WhiteTeam "Bischwiller (W)"]
[BlackTeam "Mulhouse Philidor (W)"]
[WhiteTeamCountry "FRA"]
[BlackTeamCountry "FRA"]

1. e4 e5 2. Nf3 Nc6 3. d4 exd4 4. Nxd4 Bb4+ 5. c3 Bc5 6. Be3 Bb6 7. Nf5 g6 8. Bxb6 axb6 9. Ne3 Nf6 10. f3 0-0 11. c4 Re8 12. Nc3 Nh5 13. Qd2 d6 14. 0-0-0 Nb4 15. Kb1 Be6 16. g4 Nf6 17. h4 Ra5 18. h5 gxh5 19. g5 Rxg5 20. Nc2 Rg3 21. Nxb4 Rxf3 22. Be2 Rg3 23. Qf4 Rg7 24. Nbd5 Nxd5 25. Nxd5 Bxd5 26. Rxd5 Qe7 27. Bf3 Qe6 28. b3 Qg6 29. Rdxh5 Re6 30. Rh6 Qg3 31. Rxh7 Kf8 32. Qxg3 Rxg3 33. R7h3 Rg5 34. Kc2 Rf6 35. Kd3 Ra5 36. a4 Ke7 37. Ke3 Rg5 38. Rh6 Rxh6 39. Rxh6 Rg8 40. Kf4 c6 41. Bg4 Rd8 42. Kf5 Rg8 43. Kf4 Rd8 44. Bh5 Rg8 45. Rh7 Rf8 46. Kf5 1-0

[Event "FRA-chT Top 12 (Women) GpB"]
[Site "Cesson Sevigne"]
[Date "2021.08.27"]
[Round "3.2"]
[White "Fischer, Julie"]
[Black "Leconte, Maria"]
[Result "1/2-1/2"]
[WhiteElo "2073"]
[BlackElo "2232"]
[PlyCount "46"]
[EventDate "2021.08.26"]
[EventType "team-tourn"]
[EventRounds "3"]
[EventCountry "FRA"]
[SourceTitle "CBM 204 Extra"]
[Source "ChessBase"]
[SourceDate "2021.11.30"]
[SourceVersion "1"]
[SourceVersionDate "2021.11.30"]
[SourceQuality "1"]
[WhiteTeam "Bischwiller (W)"]
[BlackTeam "Monaco (W)"]
[WhiteTeamCountry "FRA"]
[BlackTeamCountry "MNC"]

1. e4 c6 2. d4 d5 3. exd5 cxd5 4. Bd3 Nc6 5. c3 Nf6 6. Bf4 Bg4 7. Qb3 Qd7 8. h3 Bh5 9. Nd2 e6 10. Ngf3 Bd6 11. Bxd6 Qxd6 12. Qxb7 Rb8 13. Qa6 0-0 14. 0-0 Rb6 15. Qa3 Qxa3 16. bxa3 Bxf3 17. Nxf3 Rc8 18. Rab1 Nd7 19. Rb5 Nd8 20. Rc1 Kf8 21. Kf1 Nb7 22. Ke1 Nd6 23. Rb3 Ke7 1/2-1/2

[Event "Europe Echecs Blitz May op"]
[Site "Europe Echecs INT"]
[Date "2021.05.09"]
[Round "9"]
[White "Fischer, Julie"]
[Black "Leone Amigot, Haymar"]
[Result "1-0"]
[WhiteElo "2071"]
[BlackElo "1816"]
[PlyCount "81"]
[EventDate "2021.05.09"]
[EventType "swiss (blitz)"]
[EventRounds "11"]
[EventCountry "FRA"]
[SourceTitle "CBM 202 Extra"]
[Source "ChessBase"]
[SourceDate "2021.07.31"]
[SourceVersion "1"]
[SourceVersionDate "2021.07.31"]
[SourceQuality "1"]

1. e4 e5 2. Nf3 Nf6 3. Nxe5 d6 4. Nf3 Nxe4 5. d3 Nf6 6. d4 d5 7. Bd3 Bd6 8. 0-0 0-0 9. h3 Be6 10. c3 c6 11. Bg5 h6 12. Bh4 Nbd7 13. Nbd2 Qc7 14. Re1 Rfe8 15. Nf1 Nh7 16. Bg3 Bxg3 17. Nxg3 Ndf6 18. Ne5 Nf8 19. Nh5 N8d7 20. Re3 Nxe5 21. Nxf6+ gxf6 22. dxe5 fxe5 23. Rg3+ Kf8 24. Qh5 e4 25. Be2 Qf4 26. Rf1 Ke7 27. Bg4 Rg8 28. Bxe6 Kxe6 29. Rg4 Rxg4 30. hxg4 Rg8 31. f3 Qg5 32. Qh2 h5 33. fxe4 dxe4 34. gxh5 f5 35. h6 Rh8 36. h7 Qg6 37. Rd1 Qxh7 38. Rd6+ Ke7 39. Qe5+ Kf8 40. Qf6+ Qf7 41. Rd8# 1-0

[Event "C'Chartres Blitz op April"]
[Site "Europe Echecs INT"]
[Date "2021.04.10"]
[Round "3"]
[White "Loubieres, Francois"]
[Black "Fischer, Julie"]
[Result "0-1"]
[WhiteElo "1703"]
[BlackElo "2071"]
[PlyCount "82"]
[EventDate "2021.04.10"]
[EventType "swiss (blitz)"]
[EventRounds "11"]
[EventCountry "FRA"]
[SourceTitle "CBM 201 Extra"]
[Source "ChessBase"]
[SourceDate "2021.05.31"]
[SourceVersion "1"]
[SourceVersionDate "2021.05.31"]
[SourceQuality "1"]

1. b3 Nf6 2. Bb2 g6 3. Bxf6 exf6 4. c4 Bg7 5. Nc3 f5 6. e3 d6 7. g3 0-0 8. Bg2 Nc6 9. Nge2 Rb8 10. 0-0 a6 11. a3 Bd7 12. Rb1 Ne5 13. d4 Ng4 14. b4 b5 15. c5 dxc5 16. dxc5 Nf6 17. Nd5 Nxd5 18. Qxd5 Be6 19. Qxd8 Rfxd8 20. Rfd1 Kf8 21. Nd4 Bxd4 22. exd4 Bd5 23. Bxd5 Rxd5 24. Rd3 Rbd8 25. Rbd1 c6 26. f4 Ke7 27. Re1+ Kf6 28. Re5 Rxd4 29. Rxd4 Rxd4 30. Re8 Rd3 31. Rc8 Rxa3 32. Rxc6+ Ke7 33. Kf2 Ra4 34. h4 Rxb4 35. Rxa6 Rc4 36. c6 Kd6 37. Rb6 b4 38. Ke2 Kc7 39. Rb7+ Kxc6 40. Rxf7 b3 41. Kd3 b2 0-1

[Event "C'Chartres Blitz op April"]
[Site "Europe Echecs INT"]
[Date "2021.04.10"]
[Round "7"]
[White "Pizzo, Cyril"]
[Black "Fischer, Julie"]
[Result "0-1"]
[WhiteElo "1798"]
[BlackElo "2071"]
[PlyCount "58"]
[EventDate "2021.04.10"]
[EventType "swiss (blitz)"]
[EventRounds "11"]
[EventCountry "FRA"]
[SourceTitle "CBM 201 Extra"]
[Source "ChessBase"]
[SourceDate "2021.05.31"]
[SourceVersion "1"]
[SourceVersionDate "2021.05.31"]
[SourceQuality "1"]

1. e4 d5 2. exd5 Qxd5 3. Nc3 Qd8 4. d4 Nf6 5. Nf3 g6 6. Bg5 Bg7 7. Qd2 h6 8. Bf4 Bg4 9. 0-0-0 c6 10. Kb1 Nbd7 11. Be2 Nd5 12. Bg3 Nxc3+ 13. Qxc3 c5 14. Qc4 cxd4 15. Nxd4 Rc8 16. Qb5 Bxe2 17. Qxe2 0-0 18. c3 e5 19. Nb3 Qe7 20. h4 Nc5 21. h5 Nxb3 22. axb3 g5 23. Qb5 a6 24. Rd7 Qe6 25. Qxb7 Rb8 26. Qc7 Qxb3 27. Rd2 Rbc8 28. Qa5 e4 29. Be5 f6 0-1

[Event "Cappelle Online Rapid op"]
[Site "Europe Echecs INT"]
[Date "2021.03.06"]
[Round "7"]
[White "Fischer, Julie"]
[Black "Mallevaey, Armand"]
[Result "1-0"]
[WhiteElo "2071"]
[BlackElo "1692"]
[PlyCount "97"]
[EventDate "2021.03.06"]
[EventType "swiss (rapid)"]
[EventRounds "9"]
[EventCountry "FRA"]
[SourceTitle "CBM 201 Extra"]
[Source "ChessBase"]
[SourceDate "2021.05.31"]
[SourceVersion "1"]
[SourceVersionDate "2021.05.31"]
[SourceQuality "1"]

1. e4 c5 2. Nf3 e6 3. b3 a6 4. Bb2 Nc6 5. Nc3 b5 6. a4 b4 7. Ne2 Qc7 8. d4 cxd4 9. Nexd4 Nxd4 10. Nxd4 Bc5 11. Nxe6 dxe6 12. Bxg7 Bb7 13. Bd3 0-0-0 14. Bxh8 f6 15. Qg4 f5 16. exf5 Nh6 17. Qg7 Qf4 18. Qg3 Qxg3 19. hxg3 Rxh8 20. Rxh6 Bd4 21. Rd1 Bc3+ 22. Kf1 exf5 23. Bxf5+ Kb8 24. Rxh7 Re8 25. g4 a5 26. Bd3 Ba6 27. Bxa6 Rf8 28. f3 Re8 29. Kf2 Bf6 30. Bb5 Rc8 31. Bc4 Re8 32. Rdd7 Bg5 33. Rb7+ Ka8 34. Ra7+ Kb8 35. Rhb7+ Kc8 36. Ra8+ Kxb7 37. Rxe8 Kc6 38. Re5 Bd8 39. g5 Bb6+ 40. Ke2 Bc7 41. Re6+ Kc5 42. Re4 Bd8 43. g6 Kd6 44. g7 Kc5 45. g8Q Kd6 46. Qxd8+ Kc6 47. Qd5+ Kc7 48. Re7+ Kb6 49. Qb5# 1-0

[Event "Cappelle Online Rapid op"]
[Site "Europe Echecs INT"]
[Date "2021.03.06"]
[Round "9"]
[White "Fischer, Julie"]
[Black "Mammadova, Gulnar Marfat Qizi"]
[Result "0-1"]
[WhiteElo "2071"]
[BlackElo "2382"]
[PlyCount "78"]
[EventDate "2021.03.06"]
[EventType "swiss (rapid)"]
[EventRounds "9"]
[EventCountry "FRA"]
[SourceTitle "CBM 201 Extra"]
[Source "ChessBase"]
[SourceDate "2021.05.31"]
[SourceVersion "1"]
[SourceVersionDate "2021.05.31"]
[SourceQuality "1"]

1. e4 e6 2. d4 d5 3. exd5 exd5 4. Bd3 Bd6 5. Ne2 Nc6 6. c3 Nge7 7. Bf4 Bf5 8. Bxd6 Qxd6 9. 0-0 0-0 10. Na3 a6 11. Nc2 Bg6 12. Ne3 f5 13. f4 Rae8 14. Ng3 Kh8 15. Qc2 Qf6 16. Rae1 Rb8 17. a4 Nd8 18. Qb3 c6 19. Bxa6 b5 20. axb5 cxb5 21. Ra1 Qc6 22. Ra5 Qe6 23. Nc2 Rb6 24. Bxb5 Nb7 25. Ra7 Nc8 26. Ra8 Nbd6 27. Bd7 Qf7 28. Qa4 Rxb2 29. Bxc8 Nxc8 30. Nb4 h5 31. Re1 h4 32. Nf1 h3 33. g3 Bh5 34. Re3 Rg2+ 35. Kh1 Be2 36. Rxe2 Rxe2 37. Qa6 Qe7 38. Rxc8 Qe4+ 39. Kg1 Qg2# 0-1

[Event "Cappelle Online Rapid op"]
[Site "Europe Echecs INT"]
[Date "2021.03.06"]
[Round "6"]
[White "Karavaeva, Olga"]
[Black "Fischer, Julie"]
[Result "1-0"]
[WhiteElo "2260"]
[BlackElo "2071"]
[PlyCount "93"]
[EventDate "2021.03.06"]
[EventType "swiss (rapid)"]
[EventRounds "9"]
[EventCountry "FRA"]
[SourceTitle "CBM 201 Extra"]
[Source "ChessBase"]
[SourceDate "2021.05.31"]
[SourceVersion "1"]
[SourceVersionDate "2021.05.31"]
[SourceQuality "1"]

1. c4 Nf6 2. Nc3 g6 3. g3 Bg7 4. Bg2 0-0 5. d4 d6 6. Nf3 Nc6 7. 0-0 e5 8. e3 Bg4 9. h3 Bd7 10. dxe5 dxe5 11. Nd5 Nxd5 12. cxd5 Ne7 13. e4 Qc8 14. Kh2 f5 15. Bg5 Qe8 16. d6 cxd6 17. Qxd6 Nc6 18. Rad1 Rf7 19. exf5 gxf5 20. Rfe1 e4 21. Nh4 Be5 22. Qd2 Nd4 23. Bf4 Bxf4 24. Qxf4 Ne6 25. Qe5 Ng5 26. Qd6 Bc6 27. f3 Qf8 28. Qd2 Nxf3+ 29. Bxf3 exf3 30. Qf4 Qc5 31. Rd2 Re8 32. Rxe8+ Bxe8 33. Nxf3 Rf8 34. Ng5 Bg6 35. Ne6 Qe7 36. Nxf8 Qxf8 37. Qc7 Be8 38. Rd8 f4 39. Qxf4 Qe7 40. Qc4+ Kg7 41. Rc8 Bc6 42. Rg8+ Kf6 43. Qh4+ Ke6 44. Qxe7+ Kxe7 45. Rg7+ Kf6 46. Rxh7 Bd5 47. a3 1-0

[Event "Cappelle Online Rapid op"]
[Site "Europe Echecs INT"]
[Date "2021.03.06"]
[Round "4"]
[White "Ternault, Mathieu"]
[Black "Fischer, Julie"]
[Result "1-0"]
[WhiteElo "2308"]
[BlackElo "2071"]
[PlyCount "61"]
[EventDate "2021.03.06"]
[EventType "swiss (rapid)"]
[EventRounds "9"]
[EventCountry "FRA"]
[SourceTitle "CBM 201 Extra"]
[Source "ChessBase"]
[SourceDate "2021.05.31"]
[SourceVersion "1"]
[SourceVersionDate "2021.05.31"]
[SourceQuality "1"]

1. b3 Nf6 2. Bb2 g6 3. Bxf6 exf6 4. c4 Bg7 5. Nc3 0-0 6. g3 d6 7. Bg2 Nc6 8. e3 Re8 9. Nge2 Bg4 10. h3 Bd7 11. 0-0 Qc8 12. Kh2 h5 13. d4 Ne7 14. Rc1 g5 15. Ng1 h4 16. gxh4 gxh4 17. Qh5 Ng6 18. Nf3 c5 19. dxc5 dxc5 20. Nxh4 Re5 21. Nxg6 fxg6 22. Bd5+ Be6 23. Qxg6 Qc7 24. Qg3 Qe7 25. Rg1 Rg5 26. Qf4 Bh6 27. Ne4 Bxd5 28. cxd5 Kh7 29. Nxf6+ Kh8 30. Rxg5 Bxg5 31. Qxg5 1-0

[Event "Cappelle Online Bullet op"]
[Site "Europe Echecs INT"]
[Date "2021.03.05"]
[Round "14"]
[White "Fischer, Julie"]
[Black "Grabowski, Marek"]
[Result "1-0"]
[WhiteElo "2071"]
[BlackElo "1827"]
[PlyCount "95"]
[EventDate "2021.03.05"]
[EventType "swiss (blitz)"]
[EventRounds "15"]
[EventCountry "FRA"]
[SourceTitle "EXT 2022"]
[Source "ChessBase"]
[SourceDate "2021.10.06"]
[SourceVersion "1"]
[SourceVersionDate "2021.10.06"]
[SourceQuality "1"]

1. e4 Nc6 2. Nf3 e5 3. d4 exd4 4. Nxd4 Nf6 5. Nxc6 bxc6 6. Bd3 Bc5 7. 0-0 0-0 8. e5 Nd5 9. c4 Nb4 10. Be4 a5 11. a3 Na6 12. Nc3 Re8 13. Bf4 Bf8 14. Qh5 g6 15. Qf3 d5 16. exd6 cxd6 17. Bxc6 Re6 18. Bxa8 Nc5 19. Bd5 Re8 20. b4 Ne6 21. Be3 Bg7 22. Ne4 Bxa1 23. Rxa1 Qe7 24. Nf6+ Kg7 25. Nxe8+ Qxe8 26. Re1 Qd7 27. Bxe6 fxe6 28. Bd4+ e5 29. Bc3 Qe6 30. bxa5 Qd7 31. Qd5 Qe6 32. Qxe6 Bxe6 33. a6 Bd5 34. a7 Ba8 35. Rb1 Kf7 36. Rb8 Be4 37. a8Q Bxa8 38. Rxa8 Ke6 39. Re8+ Kf5 40. Rh8 Ke4 41. Rxh7 Kd3 42. Be1 Kxc4 43. Kf1 Kb3 44. Rd7 Kxa3 45. Rxd6 Kb3 46. Rxg6 Kc4 47. Re6 Kd5 48. Rxe5+ 1-0

[Event "Cappelle Online Bullet op"]
[Site "Europe Echecs INT"]
[Date "2021.03.05"]
[Round "13"]
[White "Viani, Antonio Dcunha"]
[Black "Fischer, Julie"]
[Result "1-0"]
[WhiteElo "2397"]
[BlackElo "2071"]
[PlyCount "57"]
[EventDate "2021.03.05"]
[EventType "swiss (blitz)"]
[EventRounds "15"]
[EventCountry "FRA"]
[SourceTitle "EXT 2022"]
[Source "ChessBase"]
[SourceDate "2021.10.06"]
[SourceVersion "1"]
[SourceVersionDate "2021.10.06"]
[SourceQuality "1"]

1. e4 d5 2. Nc3 dxe4 3. Nxe4 Nf6 4. Nxf6+ exf6 5. d4 Bd6 6. Bd3 0-0 7. Ne2 g6 8. 0-0 Nc6 9. c4 Bg4 10. d5 Ne5 11. h3 Nxd3 12. Qxd3 Bf5 13. Qb3 Re8 14. Nd4 Bc8 15. Be3 Be5 16. Rad1 Qd6 17. Nb5 Qd7 18. c5 a6 19. Nd4 Rd8 20. c6 Qxd5 21. Nf3 Qxd1 22. Rxd1 Rxd1+ 23. Qxd1 bxc6 24. Qd8+ Kg7 25. Nxe5 fxe5 26. Bg5 Bb7 27. Bf6+ Kh6 28. Qd2+ g5 29. Qxg5# 1-0

[Event "Cappelle Online Blitz op 1st"]
[Site "Europe Echecs INT"]
[Date "2021.01.10"]
[Round "10"]
[White "Fischer, Julie"]
[Black "Razafindratsima, Timothe"]
[Result "1-0"]
[WhiteElo "2071"]
[BlackElo "2341"]
[PlyCount "87"]
[EventDate "2021.01.10"]
[EventType "swiss (blitz)"]
[EventRounds "11"]
[EventCountry "FRA"]
[SourceTitle "CBM 200 Extra"]
[Source "ChessBase"]
[SourceDate "2021.03.31"]
[SourceVersion "1"]
[SourceVersionDate "2021.03.31"]
[SourceQuality "1"]

1. e4 c5 2. Nf3 d6 3. Bb5+ Nd7 4. 0-0 a6 5. Bd3 Ngf6 6. Re1 e5 7. c3 Be7 8. Bc2 0-0 9. d3 b5 10. Nbd2 Bb7 11. Nf1 Re8 12. Ne3 Bf8 13. Nf5 d5 14. exd5 Nxd5 15. Bg5 Qb6 16. Qd2 h6 17. Bh4 c4 18. dxc4 bxc4 19. Be4 N7f6 20. Bxd5 Nxd5 21. Nxe5 Bc5 22. Nd7 Qg6 23. Nxc5 Nf4 24. Ng3 Rxe1+ 25. Rxe1 Nxg2 26. Nxb7 Nxh4 27. Qf4 Qg5 28. Qxg5 hxg5 29. Re7 Rb8 30. Ne4 Kf8 31. Rc7 f6 32. Ned6 Nf3+ 33. Kg2 Ne1+ 34. Kf1 Nd3 35. Nxc4 Re8 36. Ne3 Nxb2 37. Nc5 g6 38. Rb7 f5 39. Rxb2 Rc8 40. Ne6+ Ke7 41. Nxg5 Kf6 42. Nf3 f4 43. Nd5+ Kf5 44. Ne7+ 1-0

[Event "Cappelle Online Blitz op 1st"]
[Site "Europe Echecs INT"]
[Date "2021.01.10"]
[Round "5"]
[White "Unuk, Laura"]
[Black "Fischer, Julie"]
[Result "1-0"]
[WhiteElo "2373"]
[BlackElo "2071"]
[PlyCount "113"]
[EventDate "2021.01.10"]
[EventType "swiss (blitz)"]
[EventRounds "11"]
[EventCountry "FRA"]
[SourceTitle "CBM 200 Extra"]
[Source "ChessBase"]
[SourceDate "2021.03.31"]
[SourceVersion "1"]
[SourceVersionDate "2021.03.31"]
[SourceQuality "1"]

1. d4 Nf6 2. c4 g6 3. Nf3 Bg7 4. g3 0-0 5. Bg2 d6 6. 0-0 Nc6 7. Nc3 e5 8. dxe5 Nxe5 9. Nxe5 dxe5 10. Qxd8 Rxd8 11. Bg5 h6 12. Bxf6 Bxf6 13. Nd5 Bg7 14. Nxc7 Rb8 15. Rfd1 Bd7 16. Nd5 Kf8 17. b4 Rbc8 18. Rac1 Ba4 19. Rd2 Bb5 20. c5 b6 21. Rdc2 Ba4 22. Rc4 Bb5 23. R4c2 Ba4 24. Rc3 e4 25. Ra3 Bb2 26. Rxa4 Bxc1 27. Bxe4 bxc5 28. Rxa7 cxb4 29. Kg2 Bb2 30. Rb7 Bc3 31. f3 Rb8 32. Rc7 Rdc8 33. Rd7 Rd8 34. Nb6 Rxd7 35. Nxd7+ Ke7 36. Nxb8 Kd6 37. Na6 Ke5 38. Bd3 Kd4 39. Nc7 Ke3 40. Bc4 Kd2 41. Ne8 Kc1 42. Nd6 f6 43. Nf7 h5 44. Nh8 g5 45. Nf7 Kd2 46. h3 Ke3 47. Nd6 Kd4 48. Bb3 Ke3 49. Kf1 Kd4 50. Ne8 Ke3 51. Bf7 Be5 52. g4 h4 53. Bc4 Bc3 54. Nd6 Kf4 55. Nf5 Be5 56. e3+ Kxf3 57. Bd5# 1-0

[Event "Cappelle Online Blitz op 1st"]
[Site "Europe Echecs INT"]
[Date "2021.01.10"]
[Round "11"]
[White "Vlachos, Anatole"]
[Black "Fischer, Julie"]
[Result "1-0"]
[WhiteElo "2413"]
[BlackElo "2071"]
[PlyCount "63"]
[EventDate "2021.01.10"]
[EventType "swiss (blitz)"]
[EventRounds "11"]
[EventCountry "FRA"]
[SourceTitle "CBM 200 Extra"]
[Source "ChessBase"]
[SourceDate "2021.03.31"]
[SourceVersion "1"]
[SourceVersionDate "2021.03.31"]
[SourceQuality "1"]

1. Nf3 Nf6 2. g3 g6 3. Bg2 Bg7 4. 0-0 0-0 5. d3 c5 6. e4 d6 7. Re1 Nc6 8. c3 Rb8 9. d4 cxd4 10. cxd4 Bg4 11. h3 Bxf3 12. Bxf3 Qb6 13. Be3 Qxb2 14. Nd2 Nxd4 15. Bg2 Nc2 16. Rb1 Qxa2 17. Bf4 Nxe1 18. Qxe1 Nd7 19. h4 Nc5 20. Qe3 b5 21. h5 b4 22. Bh6 b3 23. Bxg7 Kxg7 24. h6+ Kg8 25. e5 dxe5 26. Qxe5 Ne6 27. Bd5 Qa5 28. Nxb3 Rb5 29. Nxa5 Rxb1+ 30. Kg2 Rb5 31. Nc6 Rc5 32. Nxe7# 1-0

[Event "Trophee Roza Lallemand Online"]
[Site "Tornelo INT"]
[Date "2020.12.13"]
[Round "5"]
[White "Bergmann, Delphine"]
[Black "Fischer, Julie"]
[Result "0-1"]
[WhiteElo "1625"]
[BlackElo "2071"]
[PlyCount "66"]
[EventDate "2020.12.13"]
[EventType "swiss (rapid)"]
[EventRounds "9"]
[EventCountry "USA"]
[SourceTitle "EXT 2022"]
[Source "ChessBase"]
[SourceDate "2021.10.06"]
[SourceVersion "1"]
[SourceVersionDate "2021.10.06"]
[SourceQuality "1"]

1. e4 d5 2. exd5 Qxd5 3. Nc3 Qd8 4. d4 g6 5. Nf3 Bg7 6. Be2 Nf6 7. 0-0 0-0 8. h3 b6 9. Be3 Bb7 10. Ne5 Nbd7 11. Bf3 Bxf3 12. Nxf3 e6 13. d5 exd5 14. Nxd5 Nxd5 15. Qxd5 Bxb2 16. Rad1 Nc5 17. Bxc5 Qxd5 18. Rxd5 bxc5 19. Rxc5 Rfc8 20. Rd1 Ba3 21. Rcd5 Bd6 22. c4 Rab8 23. c5 Be7 24. Ne5 c6 25. Rd7 Bxc5 26. Rxf7 Re8 27. Nd7 Kxf7 28. Nxc5 Re7 29. a4 Rb2 30. Kf1 Rc2 31. Nd3 Rc3 32. Nb4 Rc4 33. Rb1 Rb7 0-1

[Event "Trophee Roza Lallemand Online"]
[Site "Tornelo INT"]
[Date "2020.12.13"]
[Round "1"]
[White "Malry, Celia"]
[Black "Fischer, Julie"]
[Result "0-1"]
[WhiteElo "1562"]
[BlackElo "2071"]
[PlyCount "50"]
[EventDate "2020.12.13"]
[EventType "swiss (rapid)"]
[EventRounds "9"]
[EventCountry "USA"]
[SourceTitle "EXT 2022"]
[Source "ChessBase"]
[SourceDate "2021.10.06"]
[SourceVersion "1"]
[SourceVersionDate "2021.10.06"]
[SourceQuality "1"]

1. c4 Nf6 2. d4 g6 3. Nc3 Bg7 4. g3 0-0 5. Bg2 d6 6. Nf3 Nc6 7. 0-0 e5 8. dxe5 dxe5 9. Bg5 Be6 10. Nd5 Bxd5 11. cxd5 Qxd5 12. Qc2 Rfe8 13. Rfd1 Qa5 14. a3 e4 15. Nd4 Nxd4 16. Rxd4 Qxg5 17. Rad1 c6 18. Rd6 Bf8 19. R6d4 Bc5 20. R4d2 Bxf2+ 21. Kh1 Bb6 22. Qc4 Ng4 23. Rf1 Nf2+ 24. Kg1 Qxd2 25. b4 Qe3 0-1